000 00592nam a2200193Ia 4500
003 GCL
008 140319s9999 xx 000 0 ara d
040 _aGCL /
_cGCL
082 0 4 _a813.01
_bم ب
100 1 _aمحمد عبدالسلام العمرى
245 1 0 _aبستان الازبكية /
_cمحمد عبدالسلام العمرى
300 _a127 ص
490 _aمختارات فصول
_v0
650 0 4 _aالادب العربى
650 0 4 _aالقصص العربية
650 0 4 _aالقصص العربية القصيرة
650 0 4 _aالمجموعات
942 _2ddc
_cBK
999 _c40474
_d40474